Normal view
MARC view
Entry Personal Name
001 - CONTROL NUMBER
- control field: 63369
003 - CONTROL NUMBER IDENTIFIER
- control field: dpl
005 - DATE AND TIME OF LATEST TRANSACTION
- control field: 20240314161220.0
008 - FIXED-LENGTH DATA ELEMENTS
- fixed length control field: 240314|| aca||aabn | a|a d
040 ## - CATALOGING SOURCE
- Original cataloging agency: dpl
- Transcribing agency: dpl
100 ## - HEADING--PERSONAL NAME
- Personal name: आशुतोश कुमार
670 ## - SOURCE DATA FOUND
- Source citation: Work cat.: (dpl)201326: आशुतोश कुमार , 4000 smart Question Bank बाल विकास एवं शिक्षाशास्त्र पेपर 1-2 /, 2023
